000 02110nas1a22003971i 4500
001 RU\NLR\Per\527483
005 20260408133052.0
011 _a1995-0039
_bPrint
_y1994-6851
011 _a2076-2518
_bOnline
035 _a(NLR Aleph) 003154949
090 _a3041852
_c3041852
100 _a20080228a200 9999|||y0rusy50 ca
101 0 _arus
102 _aRU
110 _aah|||||||||
200 1 _aСаратовский научно-медицинский журнал
210 _aСаратов
_c[б. и.]
_d2007 -
510 1 _aSaratov journal of medical scientific research
_zeng
606 1 _aМедицина
_jПериодические издания
_91576471
_3RU\NLR\AUTH\66691400
606 1 _aНаука
_jПериодические издания
_91063426
_3RU\NLR\AUTH\6694640
686 1 _aЧ21я52(2)
686 1 _aР.я52
712 0 2 _4475
_aСаратовский государственный медицинский университет
_3RU\NLR\AUTH\880617524
_92643389
712 0 2 _4570
_aСаратовский государственный медицинский университет им. В. И. Разумовского
_3RU\NLR\AUTH\889926260
_9348295
801 0 _aRU
_bNLR
_gPSBO
801 1 _aRU
_bNLR
_c20080228
_2rusmarc
801 2 _aRU
_bNLR
_c20080305
_2rusmarc
852 _aNLR
_jП17/1244
942 _cJOURNAL
980 _aRUSPER